[Event "Olympiad Women-34"]
[Site "Istanbul"]
[Date "2000.10.29"]
[Round "2.1"]
[White "Khegay, Anjela"]
[Black "Eidelson, Rakhil"]
[Result "0-1"]
[WhiteElo "2234"]
[BlackElo "2360"]
[PlyCount "86"]
[EventDate "2000.10.28"]
[EventType "team-swiss"]
[EventRounds "14"]
[EventCountry "TUR"]
[SourceTitle "EXT 2001"]
[Source "ChessBase"]
[SourceDate "2000.11.22"]
[SourceVersion "1"]
[SourceVersionDate "2000.11.22"]
[SourceQuality "1"]
[WhiteTeam "Uzbekistan (W)"]
[BlackTeam "Belarus (W)"]
[WhiteTeamCountry "UZB"]
[BlackTeamCountry "BLR"]

1. d4 Nf6 2. Nf3 g6 3. c4 Bg7 4. Nc3 0-0 5. e4 d6 6. Be2 Na6 7. 0-0 e5 8. d5 Nc5 9. Qc2 a5 10. Nd2 Bg4 11. f3 Bd7 12. b3 Nh5 13. Rd1 Nf4 14. Bf1 Qg5 15. Ndb1 f5 16. Kh1 fxe4 17. Nxe4 Nxe4 18. fxe4 Bg4 19. Re1 Qh4 20. Qc3 Nh5 21. Na3 Rf2 22. Kg1 Raf8 23. Be3 Nf4 24. Kh1 Nh5 25. Bxf2 Rxf2 26. Rec1 Bh6 27. Rc2 Bf4 28. h3 Ng3+ 29. Kg1 Nxe4 30. Qe1 Bf5 31. Bd3 Qxh3 32. Bxe4 Qh2+ 33. Kxf2 Bg3+ 34. Kf3 Bxe1 35. Bxf5 Qg3+ 36. Ke2 Qf2+ 37. Kd1 Qd4+ 38. Ke2 Qxa1 39. Bd3 Bh4 40. Be4 Qd4 41. Kf3 Qd1+ 42. Ke3 Bg5+ 43. Kf2 Qd4+ 0-1

[Event "Cairnhill op 17th"]
[Site "Singapore"]
[Date "1999.12.11"]
[Round "4"]
[White "Khegay, Anjela"]
[Black "Wu, Shaobin"]
[Result "0-1"]
[WhiteElo "2200"]
[BlackElo "2496"]
[PlyCount "80"]
[EventDate "1999.12.08"]
[EventType "swiss"]
[EventRounds "7"]
[EventCountry "SIN"]
[SourceTitle "CBM 073 Extra"]
[Source "ChessBase"]
[SourceDate "2000.01.11"]
[SourceVersion "1"]
[SourceVersionDate "2000.01.11"]
[SourceQuality "1"]

1. d4 Nf6 2. c4 e6 3. g3 d5 4. Bg2 dxc4 5. Qa4+ Bd7 6. Qxc4 Bc6 7. Bxc6+ Nxc6 8. Nf3 Qd5 9. Qxd5 Nxd5 10. 0-0 Be7 11. Nc3 0-0-0 12. e4 Nb6 13. Rd1 Bf6 14. Be3 Rd7 15. Rac1 Rhd8 16. Ne2 Kb8 17. Kg2 Nc8 18. a3 a6 19. b4 N8a7 20. Rd3 Nc8 21. Rcd1 Nb6 22. Rc1 Na4 23. Rc2 Na7 24. Nc1 Nb5 25. Ne2 e5 26. d5 c6 27. Rcd2 Nc7 28. d6 Nb5 29. Bc5 b6 30. Be3 Rxd6 31. Rxd6 Rxd6 32. Rxd6 Nxd6 33. Nd2 Kb7 34. f3 Nb2 35. Nc3 Nbc4 36. Nxc4 Nxc4 37. Bc1 Be7 38. Kf1 a5 39. Na2 axb4 40. axb4 Ka6 0-1

[Event "Cairnhill op 17th"]
[Site "Singapore"]
[Date "1999.12.10"]
[Round "3"]
[White "Ruddy, Lantang"]
[Black "Khegay, Anjela"]
[Result "0-1"]
[WhiteElo "2210"]
[BlackElo "2200"]
[PlyCount "74"]
[EventDate "1999.12.08"]
[EventType "swiss"]
[EventRounds "7"]
[EventCountry "SIN"]
[SourceTitle "CBM 073 Extra"]
[Source "ChessBase"]
[SourceDate "2000.01.11"]
[SourceVersion "1"]
[SourceVersionDate "2000.01.11"]
[SourceQuality "1"]

1. e4 c5 2. Nf3 d6 3. d4 cxd4 4. Nxd4 Nf6 5. Nc3 a6 6. Bg5 e6 7. f4 Be7 8. Qf3 Qc7 9. 0-0-0 Nc6 10. Nb3 h6 11. Qh3 Bd7 12. Kb1 0-0-0 13. Bxf6 Bxf6 14. g4 Kb8 15. Bg2 g5 16. Rhf1 Bc8 17. f5 Be5 18. Rf2 Na5 19. Bf1 Nc4 20. Bxc4 Qxc4 21. Qd3 Qxd3 22. cxd3 h5 23. d4 Bf6 24. h3 hxg4 25. hxg4 Rh4 26. Rg2 d5 27. fxe6 Bxe6 28. Nxd5 Bxg4 29. Rxg4 Rxg4 30. Nxf6 Rg2 31. Nc5 Rh8 32. e5 Rhh2 33. Nd3 Rd2 34. Rxd2 Rxd2 35. Nf4 gxf4 36. d5 f3 37. Kc1 Rd4 0-1